| 000 | 00594nam a2200241Ia 4500 | ||
|---|---|---|---|
| 008 | 170203s9999 xx 000 0 und d | ||
| 020 | _a0-394865375 | ||
| 050 | _aFic | ||
| 050 | _bN234 | ||
| 100 | _aMikkel og mille. | ||
| 245 | 2 | _aA narrow escape / | |
| 260 | _aNew York : | ||
| 260 | _bRandom House, | ||
| 260 | _c©1984. | ||
| 300 | _a44 unnumbered pages : | ||
| 300 | _bcolor illustrations ; | ||
| 300 | _c23 cm. | ||
| 440 | _aDisney's world of wonderful reading. | ||
| 650 | _aFoxes -- | ||
| 650 | _aFoxes -- | ||
| 650 | _xFiction. | ||
| 650 | _xJuvenile fiction. | ||
| 999 |
_c306369 _d306369 |
||